| 000 | 00640nam a22001937a 4500 | ||
|---|---|---|---|
| 003 | BD-DhJNU | ||
| 005 | 20250101054204.0 | ||
| 008 | 250101b |||||||| |||| 00| 0 eng d | ||
| 020 | _a9781312023130 | ||
| 040 |
_aBD-DhJNU _beng _cBD-DhJNU _dBD-DhJNU |
||
| 082 |
_223 _a621.3815 |
||
| 245 |
_aVerification handbook : _ban ultimate guideline on digital age sourcing for emergency coverage / _cedited by Craig Silverman |
||
| 260 |
_aNetherlands : _bEuropean Journalism Centre, |
||
| 300 |
_a121 p. : _bill. ; _c24 cm. |
||
| 504 | _aincludes index | ||
| 650 | _aOnline Resourcing | ||
| 700 |
_aSilverman, Craig _eEditor |
||
| 942 |
_2ddc _cBK _n0 |
||
| 999 |
_c1033 _d1033 |
||